The Eleven million mile high dancer. (Record no. 6061)
[ view plain ]
| 000 -LEADER | |
|---|---|
| fixed length control field | 00505cam a22001932 4500 |
| 001 - CONTROL NUMBER | |
| control field | 0000002860 |
| 005 - DATE AND TIME OF LATEST TRANSACTION | |
| control field | 20151217151906.0 |
| 008 - FIXED-LENGTH DATA ELEMENTS--GENERAL INFORMATION | |
| fixed length control field | 070420s xx 000 0 eng d |
| 020 ## - INTERNATIONAL STANDARD BOOK NUMBER | |
| International Standard Book Number | 00376998 : |
| 040 ## - CATALOGING SOURCE | |
| Original cataloging agency | KABU |
| Transcribing agency | KABU |
| 050 #0 - LIBRARY OF CONGRESS CALL NUMBER | |
| Classification number | PS3558 |
| Item number | .I45E44 |
| 100 1# - MAIN ENTRY--PERSONAL NAME | |
| Personal name | Hill, Carol. |
| -- | 0000152361 |
| 245 14 - TITLE STATEMENT | |
| Title | The Eleven million mile high dancer. |
| 260 ## - PUBLICATION, DISTRIBUTION, ETC. (IMPRINT) | |
| Place of publication, distribution, etc. | New York : |
| Name of publisher, distributor, etc. | Holt, |
| Date of publication, distribution, etc. | 1984. |
| 300 ## - PHYSICAL DESCRIPTION | |
| Extent | 447 p. |
| 908 ## - PUT COMMAND PARAMETER (RLIN) | |
| Put command parameter | 070420 |
| 950 ## - LOCAL HOLDINGS (RLIN) | |
| -- | 1 |
| Withdrawn status | Lost status | Source of classification or shelving scheme | Not for loan | Home library | Current library | Shelving location | Date acquired | Total Checkouts | Full call number | Barcode | Date last seen | Date last checked out | Price effective from | Koha item type |
|---|---|---|---|---|---|---|---|---|---|---|---|---|---|---|
| Library of Congress Classification | Kabarak, Main Campus | Kabarak, Main Campus | General Stacks | 17/12/2015 | 2 | PS3558 .I45E44 | 004558 | 10/02/2026 | 09/02/2026 | 17/12/2015 | General Collection |